| 000 | 00855nam a2200277 i 4500 | ||
|---|---|---|---|
| 001 | 000007190 | ||
| 003 | DO-SdBNP | ||
| 005 | 20251015123541.0 | ||
| 007 | ta | ||
| 008 | 090907s2005 dr adb gr 001 m spa d | ||
| 020 | _a9993454206 | ||
| 040 |
_aDO-SdBNP _bspa _cBNPHU _erda |
||
| 082 | 4 |
_a398.6 _bA235d, 2005 _222 |
|
| 245 | 0 | 0 |
_aAdivinanzas dominicanas. / _cprólogo y notas por Manuel Rueda |
| 264 |
_aSanto Domingo : _bCorripio, _c2005 |
||
| 300 |
_a481 paginas. ; _c24 cm. |
||
| 336 |
_2rdacontent _atexto _btxt |
||
| 337 |
_2rdamedia _asin mediación _bn |
||
| 338 |
_2rdacarrier _avolumen _bnc |
||
| 590 | _aInventariado 2023/dg | ||
| 650 | 4 |
_aAdivinanzas _zRepública Dominicana _919956 |
|
| 650 | 0 |
_aDiversiones _xRepública Dominicana _919957 |
|
| 700 | 1 |
_aRueda, Manuel, _ereopilación y prólogo _919958 |
|
| 910 | _aDG | ||
| 942 |
_2ddc _cLBS1 |
||
| 999 |
_c54271 _d54271 |
||